000 00284nam a2200133Ia 4500
008 190216s9999||||xx |||||||||||||| ||und||
100 _aPaul R R
245 0 _aMonetary Economics
250 _a4th Ed.
260 _bNull
_c2000
300 _a839
650 _aEconomics
942 _cBK
999 _c10530
_d10530